[Event "Berlin op 09"]
[Site "Berlin"]
[Date "2004.10.04"]
[Round "5"]
[White "Krawatzki, Armin"]
[Black "Klugow, Eckehard"]
[Result "0-1"]
[WhiteElo "1581"]
[BlackElo "1693"]
[PlyCount "44"]
[EventDate "2004.09.06"]
[EventType "swiss"]
[EventRounds "7"]
[EventCountry "GER"]
[SourceTitle "EXT 2007"]
[Source "ChessBase"]
[SourceDate "2006.11.23"]
[SourceVersion "1"]
[SourceVersionDate "2006.11.23"]
[SourceQuality "1"]

1. Nf3 e6 2. g3 c6 3. Bg2 d5 4. 0-0 f5 5. d3 Nf6 6. c4 Bd6 7. Nbd2 Qc7 8. Qc2 0-0 9. e4 f4 10. exd5 exd5 11. cxd5 Nxd5 12. Ne4 fxg3 13. hxg3 Bg4 14. Nxd6 Bxf3 15. Ne4 Bxg2 16. Kxg2 Qf7 17. Qe2 Nd7 18. Ng5 Qg6 19. Qe4 Rf6 20. Re1 Raf8 21. Qxg6 Rxf2+ 22. Kg1 hxg6 0-1

[Event "Berlin op 09"]
[Site "Berlin"]
[Date "2004.09.06"]
[Round "1"]
[White "Dauth, Benjamin"]
[Black "Klugow, Eckehard"]
[Result "1-0"]
[WhiteElo "2227"]
[BlackElo "1693"]
[PlyCount "34"]
[EventDate "2004.09.06"]
[EventType "swiss"]
[EventRounds "7"]
[EventCountry "GER"]
[SourceTitle "EXT 2007"]
[Source "ChessBase"]
[SourceDate "2006.11.23"]
[SourceVersion "1"]
[SourceVersionDate "2006.11.23"]
[SourceQuality "1"]

1. e4 e6 2. Nf3 b6 3. d4 d5 4. e5 c5 5. c3 Bd7 6. Bd3 Nc6 7. 0-0 Qc7 8. Re1 a6 9. Bf4 c4 10. Bf1 Nge7 11. b3 b5 12. a4 Na5 13. Nfd2 Ng6 14. Bg3 b4 15. bxc4 bxc3 16. Nxc3 Bb4 17. Nxd5 exd5 1-0